AUDELS NEW ELECTRONIC LIBRARY VOL-III (Record no. 567276)

000 -LEADER
fixed length control field 00256nam a22001097a 4500
082 ## - DEWEY DECIMAL CLASSIFICATION NUMBER
Classification number 621.3 GRA'A
100 ## - MAIN ENTRY--PERSONAL NAME
Personal name GRAHAM, FRANK D
9 (RLIN) 42150
245 ## - TITLE STATEMENT
Title AUDELS NEW ELECTRONIC LIBRARY VOL-III
260 ## - PUBLICATION, DISTRIBUTION, ETC.
Place of publication, distribution, etc. NEWYORK
Name of publisher, distributor, etc. AUDEL
Date of publication, distribution, etc. 1961
300 ## - PHYSICAL DESCRIPTION
Extent 1334P
942 ## - ADDED ENTRY ELEMENTS (KOHA)
Koha item type Book
Holdings
Withdrawn status Lost status Damaged status Not for loan Permanent Location Current Location Shelving location Date acquired Total Checkouts Full call number Barcode Date last seen Price effective from Koha item type
        College of Electrical & Mechanical Engineering (CEME) College of Electrical & Mechanical Engineering (CEME) Reference 07/12/2017   621.3 GRA'A CEME-4448 06/28/2021 06/28/2021 Book
© 2023 Central Library, National University of Sciences and Technology. All Rights Reserved.